[Event "DEM U16 2017"]
[Site "Willingen GER"]
[Date "2017.06.04"]
[Round "2"]
[White "Köllner, Aaron Noah"]
[Black "Muckle, Julius"]
[Result "0-1"]
[Termination "normal"]
[Board "9"]
[WhiteElo "1967"]
[BlackElo "2303"]
[WhiteClock "00:48:24"]
[BlackClock "01:04:31"]
[PlyCount "82"]
[WhiteFideId "12993085"]
[BlackFideId "12942430"]
[EventCountry "GER"]
[EventRounds "9"]
[EventType "swiss"]
[EventDate "2017.06.03"]

1. d4 d5 2. e3 Nf6 3. Bd3 c5 4. c3 Nc6 5. h3 e5 6. dxe5 Nxe5 7. Bc2 Bd6 8. Nf3
O-O 9. O-O b6 10. Nxe5 Bxe5 11. Nd2 Bb7 12. Nf3 Bc7 13. Qe2 Re8 14. Rd1 Qd6 15.
g3 Qc6 16. Kh2 d4 17. Kg2 Be5 18. cxd4 cxd4 19. Bd3 a6 20. Bd2 dxe3 21. Bxe3
Bxb2 22. Rab1 Bd4 23. Bxh7+ Nxh7 24. Rxd4 Ng5 25. Rf4 Nxf3 26. Rxf3 Re6 27. Rb4
Rf6 28. Rbf4 Rxf4 29. Bxf4 Re8 30. Qd1 Qxf3+ 31. Qxf3 Bxf3+ 32. Kxf3 Re1 33. a3
b5 34. Bd2 Ra1 35. Bb4 a5 36. Bc5 b4 37. axb4 a4 38. b5 a3 39. b6 a2 40. Bd4
Rb1 41. Ke4 Rxb6 0-1

[Event "DEM U16 2017"]
[Site "Willingen GER"]
[Date "2017.06.04"]
[Round "2"]
[White "Poghosyan, Tigran"]
[Black "Heldt, Nils-Lennart"]
[Result "1-0"]
[Termination "normal"]
[Board "10"]
[WhiteElo "2207"]
[BlackElo "2135"]
[WhiteClock "00:02:30"]
[BlackClock "00:13:57"]
[PlyCount "83"]
[WhiteFideId "12909319"]
[BlackFideId "12952109"]
[EventCountry "GER"]
[EventRounds "9"]
[EventType "swiss"]
[EventDate "2017.06.03"]

1. e4 e5 2. Nf3 Nc6 3. Bb5 f5 4. Nc3 fxe4 5. Nxe4 Nf6 6. Qe2 d5 7. Nxf6+ gxf6
8. d4 Bg7 9. dxe5 O-O 10. e6 Re8 11. O-O Rxe6 12. Qd1 Ne5 13. Nd4 Rb6 14. Be2
c5 15. Nb3 Rc6 16. f4 Nf7 17. Bf3 Rd6 18. Nxc5 f5 19. Nd3 Be6 20. Bd2 a5 21.
Kh1 b6 22. Re1 Rc8 23. Ne5 Nxe5 24. fxe5 Rd7 25. Bf4 d4 26. Be2 Rc5 27. Bd3 Qh4
28. Bg3 Qh6 29. Qf3 Rf7 30. Bf4 Qg6 31. Qf2 Bd5 32. Re2 Rd7 33. Rae1 Be6 34.
Bg3 Bh6 35. Qf3 Rg7 36. Rf1 Rf7 37. Bh4 Bg7 38. Qf4 Bh6 39. Qxd4 Rd7 40. Qf2
Qg4 41. h3 Qh5 42. Bxf5 1-0

[Event "DEM U16 2017"]
[Site "Willingen GER"]
[Date "2017.06.04"]
[Round "2"]
[White "Goldbeck, Lars"]
[Black "Nöldner, Julian"]
[Result "1-0"]
[Termination "normal"]
[Board "11"]
[WhiteElo "2197"]
[BlackElo "1883"]
[WhiteClock "00:28:57"]
[BlackClock "00:52:59"]
[PlyCount "71"]
[WhiteFideId "16208188"]
[BlackFideId "16218744"]
[EventCountry "GER"]
[EventRounds "9"]
[EventType "swiss"]
[EventDate "2017.06.03"]

1. d4 Nf6 2. c4 g6 3. f3 c5 4. d5 d6 5. e4 Bg7 6. Ne2 O-O 7. Nec3 e6 8. Be2 Re8
9. O-O exd5 10. cxd5 a6 11. a4 Nbd7 12. Be3 Rb8 13. Nd2 Nb6 14. Bf2 Nh5 15. a5
Nd7 16. Be3 f5 17. f4 Nhf6 18. e5 dxe5 19. Nc4 e4 20. d6 b5 21. axb6 Nxb6 22.
Ne5 Bb7 23. Bxc5 Rc8 24. Qd4 Nfd7 25. Bxb6 Bxe5 26. Qc4+ Rxc4 27. Bxc4+ Kg7 28.
Bxd8 Bd4+ 29. Kh1 Rxd8 30. Bxa6 Nc5 31. Bxb7 Nxb7 32. Rfd1 Rxd6 33. Nb5 Bxb2
34. Nxd6 Nxd6 35. Ra7+ Nf7 36. Rdd7 1-0

[Event "DEM U16 2017"]
[Site "Willingen GER"]
[Date "2017.06.04"]
[Round "2"]
[White "Wendler, David"]
[Black "Recktenwald, Cedric"]
[Result "1-0"]
[Termination "normal"]
[Board "12"]
[WhiteElo "2022"]
[BlackElo "1788"]
[WhiteClock "00:01:20"]
[BlackClock "00:07:52"]
[PlyCount "129"]
[WhiteFideId "12938360"]
[BlackFideId "12971928"]
[EventCountry "GER"]
[EventRounds "9"]
[EventType "swiss"]
[EventDate "2017.06.03"]

1. e4 e6 2. d4 d5 3. Nc3 Bb4 4. e5 c5 5. a3 Bxc3+ 6. bxc3 Ne7 7. Nf3 Qc7 8. h4
Nbc6 9. Bd3 Bd7 10. O-O c4 11. Be2 O-O-O 12. Nh2 Rdf8 13. h5 Nd8 14. Bf4 h6 15.
Qd2 Rh7 16. Bg4 Rfh8 17. Bh3 Qa5 18. Rfe1 Nf5 19. Ng4 Nc6 20. Re2 Qd8 21. g3
Nce7 22. Qe1 Qe8 23. Qf1 Rf8 24. Nf6 gxf6 25. exf6 Nxd4 26. cxd4 Nc6 27. c3 Qd8
28. Rb2 b6 29. a4 Na5 30. Qb1 Rhh8 31. Qe1 Bc6 32. Qe3 Rfg8 33. Kh2 Kb7 34. Qe5
Qd7 35. Qe3 Qd8 36. g4 Qf8 37. Qe5 Qd8 38. Qe3 Qf8 39. Rbb1 Rh7 40. Be5 Qe8 41.
Bf4 Rgh8 42. Qe5 Ka8 43. Bg2 Qd8 44. Bf3 Bb7 45. Bd1 Nc6 46. Qe3 Qxf6 47. Kh3
Qd8 48. a5 Nxa5 49. Bc2 f5 50. f3 Rf7 51. Bxh6 f4 52. Bxf4 Rhf8 53. Bf5 exf5
54. g5 Re7 55. Qf2 Rh8 56. h6 Qe8 57. Re1 Rhh7 58. Qh4 Nc6 59. Rxe7 Nxe7 60.
Re1 Qf7 61. Rxe7 Qxe7 62. g6 Rxh6 63. Qxh6 Bc8 64. g7 Be6 65. g8=Q+ 1-0

[Event "DEM U16 2017"]
[Site "Willingen GER"]
[Date "2017.06.04"]
[Round "2"]
[White "Lange, Jannis"]
[Black "Savchenko, Daniel"]
[Result "1/2-1/2"]
[Termination "normal"]
[Board "13"]
[WhiteElo "1843"]
[BlackElo "2037"]
[WhiteClock "00:01:28"]
[BlackClock "00:17:12"]
[PlyCount "65"]
[WhiteFideId "12993107"]
[BlackFideId "12919195"]
[EventCountry "GER"]
[EventRounds "9"]
[EventType "swiss"]
[EventDate "2017.06.03"]

1. e4 c5 2. Nf3 e6 3. d4 cxd4 4. Nxd4 Nf6 5. Nc3 d6 6. Be3 a6 7. Be2 b5 8. Bf3
e5 9. Nf5 Be6 10. Bg5 Nc6 11. Bxf6 gxf6 12. Nd5 Rc8 13. Nde3 Na5 14. Qd2 Nc4
15. Nxc4 Rxc4 16. c3 h5 17. Qd3 Rc6 18. h4 Qc8 19. Ne3 Rc5 20. Qe2 f5 21. exf5
Bxf5 22. Bxh5 Be6 23. Bf3 Be7 24. g3 f5 25. Bg2 f4 26. Nc2 Rc4 27. Rd1 fxg3 28.
fxg3 Rg4 29. Bh3 Rxg3 30. Bxe6 Qxe6 31. Qe4 Rhg8 32. h5 Qh6 33. Rf1 1/2-1/2

[Event "DEM U16 2017"]
[Site "Willingen GER"]
[Date "2017.06.04"]
[Round "2"]
[White "Keyser, Robin"]
[Black "Woithe, Daniel"]
[Result "0-1"]
[Termination "normal"]
[Board "14"]
[WhiteElo "1883"]
[BlackElo "1745"]
[WhiteClock "00:10:56"]
[BlackClock "00:04:11"]
[PlyCount "66"]
[WhiteFideId "12986429"]
[BlackFideId "16244648"]
[EventCountry "GER"]
[EventRounds "9"]
[EventType "swiss"]
[EventDate "2017.06.03"]

1. c4 e6 2. Nc3 d5 3. d4 Nf6 4. cxd5 exd5 5. Bg5 c6 6. e3 Be7 7. Bd3 O-O 8. Qc2
Nbd7 9. Nge2 Re8 10. O-O Nf8 11. Rad1 Ne4 12. Bf4 Nf6 13. Bg3 Bd6 14. Bxd6 Qxd6
15. Ng3 Ng6 16. Nf5 Bxf5 17. Bxf5 Nh4 18. Bh3 Ne4 19. Nxe4 dxe4 20. Qb3 Re7 21.
d5 c5 22. Qc4 g5 23. g3 Nf3+ 24. Kg2 h5 25. Bf5 Rae8 26. Qc3 Re5 27. Bxe4 Nh4+
28. gxh4 Rxe4 29. hxg5 Rh4 30. f4 Qd7 31. Rh1 Qg4+ 32. Kf2 Rh3 33. Qf6 Qf3+ 0-1

[Event "DEM U16 2017"]
[Site "Willingen GER"]
[Date "2017.06.05"]
[Round "3"]
[White "Buckels, Valentin"]
[Black "Kuznecovs, Nikita"]
[Result "1-0"]
[Termination "normal"]
[Board "1"]
[WhiteTitle "FM"]
[WhiteElo "2325"]
[BlackElo "2030"]
[WhiteClock "00:23:47"]
[BlackClock "00:55:57"]
[PlyCount "51"]
[WhiteFideId "12942766"]
[BlackFideId "11604557"]
[EventCountry "GER"]
[EventRounds "9"]
[EventType "swiss"]
[EventDate "2017.06.03"]

1. d4 e6 2. c4 Nf6 3. Nf3 c5 4. d5 b5 5. Bg5 b4 6. a3 h6 7. Bh4 Bb7 8. Nbd2 Be7
9. e4 Nxd5 10. cxd5 Bxh4 11. Nc4 Be7 12. d6 Bf8 13. Nfe5 Nc6 14. axb4 Nxe5 15.
Nxe5 Qb6 16. bxc5 Qb4+ 17. Qd2 Qxe4+ 18. Qe3 Qb4+ 19. Qc3 Qxc3+ 20. bxc3 g5 21.
Bb5 Bg7 22. Nxd7 Bxc3+ 23. Ke2 Bxg2 24. Nb6+ Kd8 25. Nxa8 Bxa8 26. c6 1-0

[Event "DEM U16 2017"]
[Site "Willingen GER"]
[Date "2017.06.05"]
[Round "3"]
[White "Martin, Julian"]
[Black "Rieß, Alexander"]
[Result "1-0"]
[Termination "normal"]
[Board "2"]
[WhiteTitle "FM"]
[BlackTitle "FM"]
[WhiteElo "2348"]
[BlackElo "2224"]
[WhiteClock "00:56:12"]
[BlackClock "00:33:16"]
[PlyCount "41"]
[WhiteFideId "12941000"]
[BlackFideId "12953326"]
[EventCountry "GER"]
[EventRounds "9"]
[EventType "swiss"]
[EventDate "2017.06.03"]

1. e4 e6 2. d4 d5 3. Nc3 Bb4 4. e5 c5 5. a3 Bxc3+ 6. bxc3 Ne7 7. Qg4 cxd4 8.
Bd3 dxc3 9. Qxg7 Rg8 10. Qxh7 Nbc6 11. Nf3 Qc7 12. Bf4 Bd7 13. O-O O-O-O 14.
Bg3 Rdf8 15. Rab1 Be8 16. Qh4 Ng6 17. Qa4 Ncxe5 18. Qxa7 Nxf3+ 19. gxf3 Ne5 20.
Rxb7 Qxb7 21. Ba6 1-0

[Event "DEM U16 2017"]
[Site "Willingen GER"]
[Date "2017.06.05"]
[Round "3"]
[White "Roseneck, Jonas"]
[Black "Engel, Luis"]
[Result "1/2-1/2"]
[Termination "normal"]
[Board "3"]
[WhiteElo "2173"]
[BlackElo "2362"]
[WhiteClock "00:05:19"]
[BlackClock "00:03:52"]
[PlyCount "136"]
[WhiteFideId "12939870"]
[BlackFideId "12961523"]
[EventCountry "GER"]
[EventRounds "9"]
[EventType "swiss"]
[EventDate "2017.06.03"]

1. e4 e5 2. Nf3 Nc6 3. Bb5 a6 4. Ba4 Nf6 5. O-O Be7 6. Re1 b5 7. Bb3 d6 8. c3
O-O 9. h3 Nb8 10. d4 Nbd7 11. Nbd2 Bb7 12. Bc2 Re8 13. Nf1 Bf8 14. Ng3 g6 15.
a4 Bg7 16. Bd3 c6 17. Bg5 Qc7 18. Qd2 Kh8 19. Bh6 Ng8 20. Bxg7+ Kxg7 21. Nh2
Qb6 22. a5 Qd8 23. f4 Qh4 24. Ne2 Rad8 25. Rf1 c5 26. d5 c4 27. Bc2 Bc8 28. Rf2
Re7 29. Raf1 Rde8 30. fxe5 Nxe5 31. Nd4 Qh6 32. Rf4 Nf6 33. Nc6 Nh5 34. Nxe7
Nxf4 35. Qxf4 Qxf4 36. Rxf4 Rxe7 37. Nf3 Nxf3+ 38. Rxf3 Re5 39. Rf2 f5 40. exf5
gxf5 41. Rd2 Kf6 42. Bd1 Kg5 43. Kf2 f4 44. Rd4 Bf5 45. h4+ Kh6 46. Bf3 Bg6 47.
Rxf4 Kg7 48. g4 h6 49. Rd4 Bf7 50. Be4 Kf6 51. Kf3 Bg8 52. Kf4 Bf7 53. Rd1 Bg6
54. Bf3 Bf7 55. Rd2 Re1 56. Re2 Rg1 57. Re3 Rf1 58. Ke4 Ra1 59. Kd4 Rxa5 60.
g5+ hxg5 61. hxg5+ Kxg5 62. Re7 Bg6 63. Re6 Ra2 64. Rxd6 Rxb2 65. Rxa6 Rd2+ 66.
Kc5 Rd3 67. Be2 Rxc3 68. Kxb5 Bd3 1/2-1/2

[Event "DEM U16 2017"]
[Site "Willingen GER"]
[Date "2017.06.05"]
[Round "3"]
[White "Ewert, Hannes"]
[Black "Gungl, Theo"]
[Result "1/2-1/2"]
[Termination "normal"]
[Board "4"]
[BlackTitle "FM"]
[WhiteElo "2231"]
[BlackElo "2239"]
[WhiteClock "00:50:02"]
[BlackClock "00:06:39"]
[PlyCount "49"]
[WhiteFideId "12961574"]
[BlackFideId "24695653"]
[EventCountry "GER"]
[EventRounds "9"]
[EventType "swiss"]
[EventDate "2017.06.03"]

1. d4 d5 2. c4 c6 3. Nc3 Nf6 4. cxd5 cxd5 5. Bf4 Nc6 6. e3 a6 7. Bd3 Bg4 8.
Nge2 e6 9. O-O Bd6 10. f3 Bh5 11. Bxd6 Qxd6 12. Rc1 O-O 13. Na4 e5 14. Nc5 Ra7
15. Qd2 Re8 16. Rfe1 e4 17. fxe4 dxe4 18. Bb1 b6 19. Na4 Bxe2 20. Qxe2 Nxd4 21.
Qd1 b5 22. Nc5 Nf5 23. Nxe4 Nxe4 24. Bxe4 Qe5 25. Bxf5 1/2-1/2

[Event "DEM U16 2017"]
[Site "Willingen GER"]
[Date "2017.06.05"]
[Round "3"]
[White "Degenhard, Simon"]
[Black "Zienert, Richard"]
[Result "0-1"]
[Termination "normal"]
[Board "5"]
[WhiteElo "2151"]
[BlackElo "2261"]
[WhiteClock "00:08:48"]
[BlackClock "00:45:55"]
[PlyCount "88"]
[WhiteFideId "12944017"]
[BlackFideId "12945986"]
[EventCountry "GER"]
[EventRounds "9"]
[EventType "swiss"]
[EventDate "2017.06.03"]

1. d4 Nf6 2. Nf3 e6 3. e3 b6 4. Bd3 Bb7 5. O-O Be7 6. c4 O-O 7. Nc3 d5 8. cxd5
exd5 9. b3 Nbd7 10. Bb2 Re8 11. Rc1 Rc8 12. Qe2 c6 13. Qc2 Bd6 14. Rfe1 c5 15.
Qb1 Ne4 16. g3 Ndf6 17. Bf1 Ng4 18. Nxe4 dxe4 19. Nd2 cxd4 20. Bxd4 Bc5 21. Bh3
Bxd4 22. Bxg4 Rxc1 23. Qxc1 Bc5 24. Nc4 Qg5 25. Bh3 Qh5 26. Bg2 Bc8 27. Qc2 Qg6
28. Rd1 Bg4 29. Rd2 h5 30. Qb2 Qe6 31. Qc2 h4 32. Nb2 Bf3 33. Qc4 Qf6 34. Bxf3
Qxf3 35. Qe2 Qf5 36. Qb5 Re6 37. Rd8+ Kh7 38. Re8 hxg3 39. hxg3 Rh6 40. Qc4 Ba3
41. Nd1 Qh5 42. Qxe4+ f5 43. Qd5 Qxe8 44. Qxf5+ Qg6 0-1

[Event "DEM U16 2017"]
[Site "Willingen GER"]
[Date "2017.06.05"]
[Round "3"]
[White "Muckle, Julius"]
[Black "Stein, Robert"]
[Result "1-0"]
[Termination "normal"]
[Board "6"]
[WhiteElo "2303"]
[BlackElo "2169"]
[WhiteClock "00:12:11"]
[BlackClock "00:02:06"]
[PlyCount "111"]
[WhiteFideId "12942430"]
[BlackFideId "12921084"]
[EventCountry "GER"]
[EventRounds "9"]
[EventType "swiss"]
[EventDate "2017.06.03"]

1. d4 Nf6 2. c4 e6 3. Nc3 Bb4 4. e3 d5 5. Nf3 O-O 6. a3 Bxc3+ 7. bxc3 c6 8. Qc2
b6 9. cxd5 cxd5 10. a4 Ba6 11. Bxa6 Nxa6 12. Ba3 Re8 13. Qd3 Nb8 14. O-O Nc6
15. c4 Qc8 16. c5 Na5 17. Rfc1 Qb7 18. Ne5 Rec8 19. Qb5 Ne4 20. Rab1 f6 21.
Qxa5 fxe5 22. f3 bxa5 23. Rxb7 Nd2 24. Rc3 Nc4 25. Bc1 exd4 26. exd4 e5 27. Be3
Rcb8 28. Rd7 Rd8 29. Rxd8+ Rxd8 30. dxe5 Nxe5 31. c6 Rc8 32. c7 Nc4 33. Bf4 g5
34. Bg3 h5 35. Rd3 Nb6 36. h4 gxh4 37. Bh2 Kf7 38. Rd4 h3 39. gxh3 Ke6 40. Kf2
Nd7 41. Rd2 Nb6 42. Rc2 Nc4 43. Rc1 Kf6 44. Rb1 Ne5 45. Rb7 Kf5 46. Bxe5 Kxe5
47. Ke3 a6 48. Kd3 Kf4 49. Kd4 Kxf3 50. Kxd5 Kg3 51. Rb3+ Kh4 52. Kd6 Rg8 53.
Kd7 Rg7+ 54. Kc6 Rg6+ 55. Kb7 Rg7 56. Kb8 1-0

[Event "DEM U16 2017"]
[Site "Willingen GER"]
[Date "2017.06.05"]
[Round "3"]
[White "Goldbeck, Lars"]
[Black "Schmidek, Emil"]
[Result "0-1"]
[Termination "normal"]
[Board "7"]
[BlackTitle "FM"]
[WhiteElo "2197"]
[BlackElo "2424"]
[WhiteClock "00:27:51"]
[BlackClock "00:20:16"]
[PlyCount "60"]
[WhiteFideId "16208188"]
[BlackFideId "12908150"]
[EventCountry "GER"]
[EventRounds "9"]
[EventType "swiss"]
[EventDate "2017.06.03"]

1. d4 Nf6 2. c4 g6 3. f3 Bg7 4. e4 d6 5. Ne2 O-O 6. Nec3 Nbd7 7. Be3 c5 8. d5
a6 9. a4 Ne5 10. Be2 Qa5 11. Nd2 e6 12. O-O Re8 13. h3 Ned7 14. f4 Nf8 15. Bd3
N6d7 16. Qc2 Bd4 17. Bxd4 cxd4 18. Ne2 e5 19. fxe5 dxe5 20. Rab1 Qb4 21. Nb3 b6
22. a5 bxa5 23. Ng3 a4 24. Qf2 Re7 25. Na1 Rb8 26. Ne2 Rb6 27. Nc2 Qd6 28. Ng3
Nc5 29. Qe2 Nxd3 30. Qxd3 Rb3 0-1

[Event "DEM U16 2017"]
[Site "Willingen GER"]
[Date "2017.06.05"]
[Round "3"]
[White "Färber, David"]
[Black "Wendler, David"]
[Result "1-0"]
[Termination "normal"]
[Board "8"]
[WhiteElo "2229"]
[BlackElo "2022"]
[WhiteClock "00:07:24"]
[BlackClock "00:06:38"]
[PlyCount "71"]
[WhiteFideId "12971294"]
[BlackFideId "12938360"]
[EventCountry "GER"]
[EventRounds "9"]
[EventType "swiss"]
[EventDate "2017.06.03"]

1. e4 g6 2. d4 Bg7 3. Nc3 d6 4. f4 Nc6 5. Nf3 Bg4 6. Be3 Bxf3 7. gxf3 d5 8. Qd2
e6 9. O-O-O Nge7 10. Ne2 Qd7 11. Kb1 Nc8 12. f5 exf5 13. exd5 Qxd5 14. Nc3 Qa5
15. d5 Bxc3 16. bxc3 N6e7 17. Bd4 O-O 18. Qh6 f6 19. Bc4 Nd6 20. Bb3 Kh8 21.
Rde1 Ng8 22. Qh4 Kg7 23. Re6 Nb5 24. Rhe1 Nxd4 25. Qxd4 Rad8 26. d6 Rxd6 27.
Rxd6 cxd6 28. Qxd6 Qd8 29. Qe6 h5 30. Kb2 Qd2 31. Re2 Qd1 32. Re3 Rd8 33. Qf7+
Kh6 34. Re8 Rxe8 35. Qxe8 Qxf3 36. h4 1-0

[Event "DEM U16 2017"]
[Site "Willingen GER"]
[Date "2017.06.05"]
[Round "3"]
[White "Junker, Magnus"]
[Black "Fieberg, Samuel"]
[Result "0-1"]
[Termination "normal"]
[Board "9"]
[WhiteElo "1983"]
[BlackElo "2221"]
[WhiteClock "00:02:26"]
[BlackClock "00:02:42"]
[PlyCount "70"]
[WhiteFideId "16218507"]
[BlackFideId "12901717"]
[EventCountry "GER"]
[EventRounds "9"]
[EventType "swiss"]
[EventDate "2017.06.03"]

1. d4 d5 2. c4 c6 3. Nc3 Nf6 4. cxd5 cxd5 5. Bf4 Nc6 6. e3 e6 7. Nf3 Be7 8. h3
O-O 9. Bd3 Bd7 10. O-O Nh5 11. Bh2 f5 12. Ne5 Nf6 13. g4 Ne4 14. f3 Nxc3 15.
bxc3 Nxe5 16. Bxe5 Qa5 17. c4 Rac8 18. cxd5 exd5 19. Rf2 Rc3 20. a4 b6 21. gxf5
Bxf5 22. Rg2 g6 23. e4 Bxh3 24. Rg3 Be6 25. Qd2 Bf6 26. Bxf6 Ra3 27. Rd1 Qxd2
28. Rxd2 Rxf6 29. e5 Rf4 30. Bxg6 hxg6 31. Rxg6+ Kf7 32. Rdg2 Rfxf3 33. Rg7+
Ke8 34. R2g5 Ra1+ 35. Kg2 Rb3 0-1

[Event "DEM U16 2017"]
[Site "Willingen GER"]
[Date "2017.06.05"]
[Round "3"]
[White "Woithe, Daniel"]
[Black "Poghosyan, Tigran"]
[Result "1/2-1/2"]
[Termination "normal"]
[Board "10"]
[WhiteElo "1745"]
[BlackElo "2207"]
[WhiteClock "00:20:44"]
[BlackClock "00:15:03"]
[PlyCount "43"]
[WhiteFideId "16244648"]
[BlackFideId "12909319"]
[EventCountry "GER"]
[EventRounds "9"]
[EventType "swiss"]
[EventDate "2017.06.03"]

1. e4 c5 2. c3 d5 3. exd5 Qxd5 4. d4 Nc6 5. Nf3 Bf5 6. Be3 Nf6 7. Qb3 Qxb3 8.
axb3 cxd4 9. Nxd4 Nxd4 10. Bxd4 a6 11. Nd2 Nd7 12. Nc4 e6 13. Nb6 Nxb6 14. Bxb6
Bd6 15. b4 Ke7 16. Be2 Be4 17. O-O Rhc8 18. b5 axb5 19. Bxb5 h5 20. f3 Bf5 21.
Rfd1 h4 22. c4 1/2-1/2

[Event "DEM U16 2017"]
[Site "Willingen GER"]
[Date "2017.06.05"]
[Round "3"]
[White "Weber, Samuel"]
[Black "Lange, Jannis"]
[Result "1-0"]
[Termination "normal"]
[Board "11"]
[WhiteElo "2039"]
[BlackElo "1843"]
[WhiteClock "00:07:28"]
[BlackClock "00:03:02"]
[PlyCount "159"]
[WhiteFideId "12924008"]
[BlackFideId "12993107"]
[EventCountry "GER"]
[EventRounds "9"]
[EventType "swiss"]
[EventDate "2017.06.03"]

1. e4 c5 2. Nf3 Nc6 3. d3 e5 4. g3 d6 5. Bg2 g6 6. O-O Bg7 7. c3 Nge7 8. a3 O-O
9. b4 a6 10. Nbd2 h6 11. bxc5 dxc5 12. Nb3 b6 13. Qc2 Be6 14. Rd1 Ra7 15. Bb2
Rd7 16. c4 g5 17. Ne1 Rd6 18. Nc1 Qd7 19. Ne2 Bg4 20. f3 Bh3 21. Nc3 Nd4 22.
Qf2 Bxg2 23. Kxg2 f5 24. exf5 Nexf5 25. Ne4 Rg6 26. Bxd4 Nxd4 27. Qe3 g4 28.
fxg4 Qxg4 29. Nf2 Qe6 30. Ra2 Qc6+ 31. Qe4 Qe6 32. Kh1 Rgf6 33. Ng4 R6f7 34.
Rdd2 Rf1+ 35. Kg2 Rxe1 36. Qxe1 Qxg4 37. Rf2 Qc8 38. Qe4 Qe8 39. Rxf8+ Qxf8 40.
Rf2 Qc8 41. Qd5+ Qe6 42. Qxe6+ Nxe6 43. Rb2 e4 44. Rxb6 exd3 45. Kf3 Kf7 46.
Ke3 Bd4+ 47. Kxd3 Bg1 48. h3 Bh2 49. g4 a5 50. Ke4 Bg1 51. Ra6 Ng5+ 52. Kf5
Nxh3 53. Rxh6 Nf2 54. Rd6 Ke7 55. Re6+ Kd7 56. g5 Nd3 57. g6 Bd4 58. Re4 Bg7
59. Rh4 Ke7 60. Rh7 Kf8 61. Ke4 Nb2 62. Kd5 Bd4 63. Ra7 a4 64. Rc7 Nd3 65. Kc6
Bb2 66. Kb5 Bxa3 67. Rf7+ Kg8 68. Rf3 Bb2 69. Rxd3 a3 70. Rd8+ Kg7 71. Ra8 Bd4
72. Rxa3 Kxg6 73. Ra6+ Kf7 74. Rc6 Ke7 75. Rxc5 Bxc5 76. Kxc5 Kd7 77. Kb6 Kc8
78. c5 Kb8 79. c6 Ka8 80. Kc7 1-0

[Event "DEM U16 2017"]
[Site "Willingen GER"]
[Date "2017.06.05"]
[Round "3"]
[White "Savchenko, Daniel"]
[Black "Keyser, Robin"]
[Result "1/2-1/2"]
[Termination "normal"]
[Board "12"]
[WhiteElo "2037"]
[BlackElo "1883"]
[WhiteClock "00:19:07"]
[BlackClock "00:30:00"]
[PlyCount "55"]
[WhiteFideId "12919195"]
[BlackFideId "12986429"]
[EventCountry "GER"]
[EventRounds "9"]
[EventType "swiss"]
[EventDate "2017.06.03"]

1. e4 c5 2. d4 cxd4 3. Nf3 d6 4. Nxd4 Nf6 5. Nc3 a6 6. f4 e5 7. Nf3 Nbd7 8. Bd3
Be7 9. O-O O-O 10. Kh1 b5 11. a3 Bb7 12. Qe1 Re8 13. fxe5 dxe5 14. Bd2 Qc7 15.
Nh4 g6 16. Qf2 Bf8 17. Rae1 Bg7 18. Bg5 h6 19. Bc1 Re7 20. Qg3 Nh5 21. Qf3 Nf4
22. Nd5 Bxd5 23. exd5 Nb6 24. Bxf4 exf4 25. Rxe7 Qxe7 26. Qxf4 Nxd5 27. Qg3 Rf8
28. c3 1/2-1/2

[Event "DEM U16 2017"]
[Site "Willingen GER"]
[Date "2017.06.05"]
[Round "3"]
[White "Heldt, Nils-Lennart"]
[Black "Nöldner, Julian"]
[Result "1-0"]
[Termination "normal"]
[Board "13"]
[WhiteElo "2135"]
[BlackElo "1883"]
[WhiteClock "00:27:46"]
[BlackClock "00:04:00"]
[PlyCount "91"]
[WhiteFideId "12952109"]
[BlackFideId "16218744"]
[EventCountry "GER"]
[EventRounds "9"]
[EventType "swiss"]
[EventDate "2017.06.03"]

1. e4 e5 2. Nf3 Nc6 3. Bb5 Nf6 4. O-O Nxe4 5. d4 Nd6 6. Bxc6 dxc6 7. dxe5 Nf5
8. Qxd8+ Kxd8 9. h3 Ke8 10. Nbd2 h5 11. Re1 Be7 12. Nf1 Be6 13. Ne3 Rd8 14. c3
c5 15. Nxf5 Bxf5 16. Bf4 Be6 17. b3 Rd3 18. Re3 c4 19. Rxd3 cxd3 20. Rd1 Bf5
21. Ne1 g5 22. Be3 Rh6 23. Nxd3 Re6 24. f4 f6 25. Bd4 Bxd3 26. Rxd3 gxf4 27.
exf6 Bxf6 28. Bxf6 Rxf6 29. Rd5 f3 30. Rxh5 fxg2 31. Kxg2 Kf8 32. Rh7 Rc6 33.
c4 Ra6 34. Rxc7 Rxa2+ 35. Kg3 b6 36. b4 a5 37. b5 a4 38. c5 Ke8 39. cxb6 Kd8
40. Rc3 Rb2 41. b7 Rxb5 42. Rc8+ Kd7 43. b8=Q Rxb8 44. Rxb8 a3 45. Ra8 a2 46.
Rxa2 1-0

[Event "DEM U16 2017"]
[Site "Willingen GER"]
[Date "2017.06.05"]
[Round "3"]
[White "Recktenwald, Cedric"]
[Black "Köllner, Aaron Noah"]
[Result "0-1"]
[Termination "normal"]
[Board "14"]
[WhiteElo "1788"]
[BlackElo "1967"]
[WhiteClock "01:12:32"]
[BlackClock "01:18:26"]
[PlyCount "30"]
[WhiteFideId "12971928"]
[BlackFideId "12993085"]
[EventCountry "GER"]
[EventRounds "9"]
[EventType "swiss"]
[EventDate "2017.06.03"]

1. e4 c5 2. Nf3 e6 3. b3 b6 4. d4 cxd4 5. Nxd4 Bb7 6. Bd3 Nc6 7. Nxc6 Bxc6 8.
c4 Qf6 9. Bd2 Qxa1 10. Bc3 Qxa2 11. c5 Bxc5 12. O-O Nf6 13. Re1 Bxf2+ 14. Kh1
Bxe1 15. Bxe1 Nxe4 0-1